Τι είναι τα μέσα επικοινωνίας;
Saved in:
| Main Author: | |
|---|---|
| Format: | Book |
| Language: | Greek |
| Published: |
Αθήνα :
Καστανιώτης,
2003.
|
| Series: | Επικοινωνία και κοινωνία
|
| Subjects: | |
| Tags: |
Add Tag
No Tags, Be the first to tag this record!
|
MARC
| LEADER | 00000cam a2200000 i 4500 | ||
|---|---|---|---|
| 001 | 1/22410 | ||
| 008 | 060120s2003 gr gre d | ||
| 020 | |a 960-03-3590-7 | ||
| 035 | |l 10082133 | ||
| 040 | |a GR-MY-UA |b gre |e aacr | ||
| 041 | 0 | |a gre | |
| 082 | 0 | |a 302.23 |2 (22) | |
| 100 | 1 | |a Ψυχογιός, Δημήτρης Κ., |d 1948- | |
| 245 | 1 | 0 | |a Τι είναι τα μέσα επικοινωνίας; / |c Δημήτρης Κ. Ψυχογιός. |
| 260 | |a Αθήνα : |b Καστανιώτης, |c 2003. | ||
| 300 | |a 202 σ. ; |c 21 εκ. | ||
| 490 | 1 | |a (Επικοινωνία και κοινωνία) | |
| 650 | 0 | 0 | |a Mass media. |
| 650 | 0 | 0 | |a Mass media |x Communication. |
| 650 | 0 | 0 | |a Mass media |x Philosophy. |
| 650 | 0 | 0 | |a Mass media |x Influence. |
| 650 | 0 | 0 | |a Mass media |z Greece. |
| 830 | 0 | |a Επικοινωνία και κοινωνία | |
| 852 | |a INST |b LESVOS |e 20220405 |h 302.23 ΨΥΧ |p 005100063596 |q 005100063596 |t BK |y 0 | ||
| 852 | |a INST |b RHODES |e 20060120 |h 302.23 ΨΥΧ |p 005400021560 |q 005400021560 |t BK |y 0 | ||
| 901 | |a BIBL4-2006-1 | ||
| 909 | |a Ρ |b 123039 | ||
| 970 | |a ΚΟΖΑ |b ΜΑΡΙΑ |z 2006/01/20 | ||